Energy kingdoms : oil and political survival in the Persian Gulf /

Bibliographic Details
Main Author: Krane, Jim (Author)
Corporate Author: ProQuest (Firm)
Format: eBook
Language:English
Published: New York : Columbia University Press, [2019]
Series:Center on Global Energy Policy series.
Subjects:
Online Access:Connect to the full text of this electronic book

MARC

Tag First Indicator Second Indicator Subfields
LEADER 00000cam a22000001i 4500
001 in00004055439
006 m |o d |
007 cr |n|||||||||
008 190125s2019 nyu ob 001 0 eng d
005 20221130035747.3
020 |a 9780231548922 (electronic bk.) 
020 |a 0231548923 (electronic bk.) 
020 |z 9780231179300 
020 |z 0231179308 
024 8 |a 99980486609 
035 |a (NhCcYBP)ebc5552946 
035 |a in00004055439 
040 |a NhCcYBP  |c NhCcYBP  |d UtOrBLW 
043 |a ap----- 
050 4 |a HD9576.P52  |b K73 2019 
082 0 4 |a 338.2/72809536  |2 23 
100 1 |a Krane, Jim,  |e author. 
245 1 0 |a Energy kingdoms :  |b oil and political survival in the Persian Gulf /  |c Jim Krane. 
264 1 |a New York :  |b Columbia University Press,  |c [2019] 
300 |a 1 online resource. 
336 |a text  |b txt  |2 rdacontent 
337 |a computer  |b c  |2 rdamedia 
338 |a online resource  |b cr  |2 rdacarrier 
490 1 |a Center on Global Energy Policy series 
504 |a Includes bibliographical references and index. 
505 0 |a Before oil -- The oil age arrives -- The big payback -- From energy poverty to energy extremism -- Unnaturally cool -- We have a serious problem -- Iran and Dubai lead the way -- Shifting gears in Saudi Arabia -- The politics of reform -- Conclusion: the climate hedge. 
588 |a Description based on print version record. 
500 |a Electronic resource. 
650 0 |a Petroleum industry and trade  |z Persian Gulf Region.  |0 http://id.loc.gov/authorities/subjects/sh2010105553 
650 0 |a Petroleum industry and trade  |x Political aspects  |z Persian Gulf Region. 
650 0 |a Energy consumption  |z Persian Gulf Region. 
650 0 |a Energy policy  |z Persian Gulf Region. 
655 7 |a Electronic books.  |2 local 
710 2 |a ProQuest (Firm)  |0 http://id.loc.gov/authorities/names/n2007068018 
776 1 8 |c Original  |z 9780231179300  |z 0231179308  |w (DLC) 2018027640 
830 0 |a Center on Global Energy Policy series.  |0 http://id.loc.gov/authorities/names/no2017053462 
856 4 0 |u https://ebookcentral.proquest.com/lib/tamucs/detail.action?docID=5552946  |z Connect to the full text of this electronic book  |t 0 
955 |a YBP purchased DDA e-records 
980 |b 38.39  |g 1 
987 |a ybp15864332 
999 f f |s 92cdb7a2-e974-4231-9cdb-1b1b7b1ca0b8  |i 2f39fe8d-fbd2-3e70-8bae-67e0192ea747  |t 0 
952 f f |a Texas A&M University  |b College Station  |c Electronic Resources  |d Available Online  |t 0  |e HD9576.P52 K73 2019  |h Library of Congress classification 
998 f f |a HD9576.P52 K73 2019  |t 0  |l Available Online